Paroles - J'veux du soleil - Au p'tit bonheur - Statistiques

Statistiques générales
  • Ce quiz a été pris 23 fois
  • Le résultat moyen est 174 sur 231
Statistiques - réponses
Paroles % Correct
du
100%
mon
100%
qu'du
100%
soleil
100%
De
95%
de
95%
et
95%
j'veux
95%
J'veux
95%
ma
95%
me
95%
Me
95%
un
95%
Un
95%
Dans
90%
dans
90%
des
90%
en
90%
Je
90%
monde
90%
plastique
90%
que
90%
Que
90%
retrouver
90%
super
90%
enfant
85%
grandi
85%
Maman
85%
Qu'aurait
85%
trop
85%
vite
85%
histoires
80%
J'suis
80%
la
80%
Qu'elle
80%
qu'un
80%
raconte
80%
mémoire
75%
Qui
75%
Jane
70%
Rien
70%
Tarzan
70%
les
65%
princesses
65%
resté
65%
suis
65%
Au
60%
au
60%
cerfs-volants
60%
pour
60%
son
55%
vie
55%
est
50%
cage
45%
Cendrillon
45%
Devenir
45%
devenir
45%
sortir
45%
citadelle
40%
escarpin
40%
marécages
40%
Monte-Cristo
40%
Père
40%
Sans
40%
Bien
35%
clair
35%
d'la
35%
grillons
35%
l'on
35%
l'tourbillon
35%
lune
35%
Noël
35%
nos
35%
roi
35%
Allez
30%
fait
30%
joue
30%
océans
30%
sourire
30%
traverser
30%
abris
25%
danser
25%
d'enfant
25%
faire
25%
fond
25%
M'échapper
25%
mômes
25%
oublie
25%
Perdu
25%
Tu
20%
ah
15%
Ah
15%
sais
15%
cerfs-volants
10%
Hey
5%
hey
5%
Ola
0%
ola
0%
Aucun quiz correspondant
Distribution des résultats
% des personnes avec chaque résultat
Percentile par nombre de réponses
Votre historique - résultats
Vous n’avez pas pris ce quiz